La Ciudad cambia de piel / por Juan Maciá Mercadé
Publicado:
San Jorge, núm. 89 (1r trimestre 1973), pàg 53 :
MARC
| LEADER | 00000nam a2200000Ia 4500 | ||
|---|---|---|---|
| 001 | |||
| 008 | 160829s9999 xx 000 0 cat d | ||
| 100 | |a Macià Mercadé, Juan |9 40170 | ||
| 245 | |a La Ciudad cambia de piel / por Juan Maciá Mercadé | ||
| 260 | |a San Jorge, núm. 89 (1r trimestre 1973), pàg 53 | ||
| 650 | |a Urbanisme |x Sabadell |9 41575 | ||
| 650 | |a Aigua |x Abastament |x Sabadell |9 41900 | ||
| 901 | |a Arxiu | ||
| 942 | |n 1 | ||
| 952 | |0 0 |1 0 |4 0 |7 1 |9 50539 |a Arxiu |b Arxiu |d 2016-12-01 |l 0 |r 2016-12-01 00:00:00 |w 2016-12-01 |y ARXIU | ||
| 999 | |c 54381 |d 54381 | ||